00340nam a2200109Ia 4500008004100000020001800041082001200059100002700071245008600098260002100184500002500205260604s9999 xx 000 0 und d a9781786340658 a519 ALL aBy rory allen (author) 0aStatistics And Experimental Design For Psychologists: A Model Comparison Approach bWorld Scientific aStatstics, Psycholog